Leyes Nos 19.851 a 19.875: tratados internacionales, sumario

保存先:
書誌詳細
フォーマット: 図書
言語:スペイン語
出版事項: Santiago Jurídica de Chile 2004
主題:
タグ: タグ追加
タグなし, このレコードへの初めてのタグを付けませんか!

MARC

LEADER 00000nam a2200000 a 4500
001 UCL6365
003 CL-VaPUC
008 040402e20040000CL |||||||||||||||||spa|d
020 |a 9561015145 
082 0 4 |a 348.022  |b LEY  |2 21 
245 1 0 |a Leyes Nos 19.851 a 19.875: tratados internacionales, sumario 
300 |a 142 p 
942 |c BK 
945 |d 20040402 00:00:00  |a cmena 
260 |a Santiago  |b Jurídica de Chile  |c 2004 
650 0 |a Tratados internacionales   |9 256056 
650 0 |a Derecho internacional  |9 255637 
583 |a last modification  |c 20040402 00:00:00  |k Rodrigo Vera 
999 |c 308477  |d 308475